| 000 | 00944nam a22002417a 4500 | ||
|---|---|---|---|
| 999 |
_c3837 _d3837 |
||
| 003 | AR-CdUCM | ||
| 008 | 190307b ||||| |||| 00| 0 spa d | ||
| 020 | _a8437503108 | ||
| 040 |
_aMUNICIPALIDAD PROVINCIAL DEL CUSCO _cBIBLIOTECA MUNICIPAL DEL CUSCO |
||
| 082 |
_a306.48 / _bE41 |
||
| 100 |
_aElias, Norbert _912342 |
||
| 245 | _aDeporte y ocio en el proceso de la civilización / | ||
| 260 |
_aEspaña : _bFCE, _c1986. |
||
| 300 |
_a349 páginas ; _c21 cm. |
||
| 505 | _aLa búsqueda de la emoción en el ocio -- El ocio en el espectro del tiempo libre -- La génesis del deporte como problema sociológico -- Un ensayo sobre el deporte y la violencia -- Lasos sociales y violencia en el deporte... | ||
| 650 |
_aDeporte. _912343 |
||
| 650 |
_aHistoria del fútbol. _912344 |
||
| 650 |
_aOcio. _912345 |
||
| 650 |
_aSociología de fútbol. _912346 |
||
| 700 |
_aDunning, Eric _912347 |
||
| 942 |
_2ddc _cLIBROS |
||
| 945 |
_awfj _d2019-03-07 |
||